Central Library OPAC University of Rajshahi

Soil analysis : (Record no. 37467)

MARC details
000 -LEADER
fixed length control field 01038nam a22003014a 4500
001 - CONTROL NUMBER
control field 37467
003 - CONTROL NUMBER IDENTIFIER
rucl marc code BD-RjUL
005 - DATE AND TIME OF LATEST TRANSACTION
control field 20211209052619.0
008 - FIXED-LENGTH DATA ELEMENTS--GENERAL INFORMATION
fixed length control field 150120s2001 ne a bf 001 0 eng c
020 ## - INTERNATIONAL STANDARD BOOK NUMBER
International Standard Book Number 9054107162
035 ## - SYSTEM CONTROL NUMBER
System control number (OCoLC)ocm47657271
System control number (BD-RjUL)
040 ## - CATALOGING SOURCE
Original cataloging agency AZS
Transcribing agency AZS
Modifying agency OHX
Language of cataloging eng
041 1# - LANGUAGE CODE
Language code of text/sound track or separate title eng
Language code of summary or abstract fre
072 #7 - SUBJECT CATEGORY CODE
Subject category code TA
Source lcco
082 ## - DEWEY DECIMAL CLASSIFICATION NUMBER
Classification number 630.243
Author mark and year PAS 2001
100 1# - MAIN ENTRY--PERSONAL NAME
Personal name Pansu, Marc.
9 (RLIN) 115066
245 10 - TITLE STATEMENT
Title Soil analysis :
Remainder of title sampling, instrumentation and quality control /
Statement of responsibility, etc. Marc Pansu, Jacques Gautheyrou, Jean-Yves Loyer ; translated by V.A.K. Sarma.
260 ## - PUBLICATION, DISTRIBUTION, ETC. (IMPRINT)
Place of publication, distribution, etc. Lisse [Netherlands] ;
-- Exton, PA :
Name of publisher, distributor, etc. A.A. Balkema,
Date of publication, distribution, etc. c2001.
300 ## - PHYSICAL DESCRIPTION
Pagination xii, 489 p. :
Illustrations ill. ;
Size 25 cm.
504 ## - BIBLIOGRAPHY, ETC. NOTE
Bibliography, etc Includes bibliographical references and index.
650 #0 - SUBJECT ADDED ENTRY--TOPICAL TERM
Topical term or geographic name as entry element Soils
General subdivision Analysis
Form subdivision Handbooks, manuals, etc.
9 (RLIN) 115067
Topical term or geographic name as entry element Soil science
General subdivision Technique
Form subdivision Handbooks, manuals, etc.
9 (RLIN) 115068
700 1# - ADDED ENTRY--PERSONAL NAME
Personal name Gautheyrou, Jacques.
942 ## - ADDED ENTRY ELEMENTS (KOHA)
Source of classification or shelving scheme Dewey Decimal Classification
Koha item type Books
Holdings
Lost status Source of classification or shelving scheme Damaged status Not for loan Permanent Location Current Location Shelving location Date acquired Total Checkouts Full call number Date last seen Copy number Koha item type
  Dewey Decimal Classification   Not For Loan Institute of Biological Sciences (IBSc) Library Institute of Biological Sciences (IBSc) Library   20/01/2015   630.243 PAS 2001 20/01/2015 C-1 Books